La economía contra la sociedad: crisis de la integración social y cultural

Saved in:
Bibliografiske detaljer
Main Authors: Perret, Bernard (Author), Roustang, Guy (Author)
Format: Bog
Sprog:spansk
Udgivet: Santiago Fondo de Cultura Económica 2000
Udgivelse:1a. ed
Serier:Sección de Obras de Sociología
Fag:
Tags: Tilføj Tag
Ingen Tags, Vær først til at tagge denne postø!

MARC

LEADER 00000cam a2200000 a 4500
001 UCM0059
003 CL-VaPUC
008 020108e20000000CL |||||||||||||||||spa|d
020 |a 9562890228 
082 0 4 |a 339.2  |b PER  |2 21 
100 0 |a Perret, Bernard  |e author  |9 466686 
700 0 |a Roustang, Guy  |e author  |9 466687 
245 1 3 |a La economía contra la sociedad: crisis de la integración social y cultural 
250 |a 1a. ed 
300 |a 331 p 
942 |c BK 
945 |d 20020108 00:00:00  |a cmena 
260 |a Santiago  |b Fondo de Cultura Económica  |c 2000 
650 0 |a Macroeconomía   |9 260301 
650 0 |a Desigualdad social  |9 349409 
650 0 |a Integración social  |9 319662 
650 0 |a Políticas económicas  |9 353940 
650 0 |a Capitalismo  |9 255255 
650 0 |a Comunismo  |9 255588 
650 0 |a Empleo y trabajo  |9 463904 
650 0 |a Participación social  |9 256140 
583 |a last modification  |c 20170224 05:32:03  |k Rodrigo Vera 
490 0 |a Sección de Obras de Sociología 
999 |c 299124  |d 299122 
952 |0 0  |1 0  |4 0  |6 339_200000000000000_PER_2000  |7 0  |8 A  |9 355293  |a BIBGIM  |b BIBGIM  |d 2019-11-21  |i 3787370  |o 339.2 PER 2000  |p 3787370  |r 2025-01-15  |w 2019-11-21  |y BK  |k GIM 
952 |0 0  |1 0  |3 erb  |4 0  |6 339_200000000000000_PER_2000  |7 0  |8 A  |9 355294  |a BIBENE  |b BIBENE  |i 5328411  |o 339.2 PER 2000  |p 5328411  |r 2025-01-15  |w 2019-11-21  |y BK  |z Catalogado en:20170303  |k ICO